| 000 | 00636 a2200181 4500 | ||
|---|---|---|---|
| 003 | Nust | ||
| 005 | 20221220133626.0 | ||
| 040 | _cNust | ||
| 082 | _a621.38411,VAL | ||
| 100 |
_aValdes, Leopoldo B. _9105376 |
||
| 245 |
_aThe physical theory of transistors / _cLeopoldo B.Valdes, |
||
| 260 |
_aMcGraw-Hill, _bNew York, _c1961 |
||
| 300 |
_a370 p _billus _c24 cm |
||
| 505 | _aIntroductory Concepts (Page-3), Electronic Properties of Semiconductor Materials (Page-67), Properties of Semiconductor Devices (Page-259). | ||
| 600 |
_aValdes, Leopoldo B. _9105376 |
||
| 650 |
_aThe physical theory of transistors _9105377 |
||
| 942 |
_2ddc _cBK |
||
| 999 |
_c183180 _d183180 |
||